000 00926nam a2200301 i 4500
001 19381
003 ES-MaACL
005 20230906152102.0
007 t|
008 020802s2002 sp ||||0| spa j
020 _a84-8307-432-X
040 _aM-BN
_bspa
_cM-BN
080 _a821.14 Homero 7 Odisea.7
080 _a821.14 Homero 7 Iliada.7
100 1 _aVidal-Naquet, Pierre.
_9114505
245 1 3 _aEl mundo de Homero
_b: breve historia de mitología griega /
_cPierre Vidal-Naquet ; traducción de María José Aubet.
250 _a1ª ed.
260 _aBarcelona :
_bPenínsula,
_c2002.
300 _a124 p ;
_c23 cm.
490 1 _aAtalaya ;
_v88
600 0 4 _aHomero.
_tLa Odisea.
_964114
600 1 4 _aHomero.
_tLa Ilíada.
_964113
700 1 _aAubet, María José.
_923807
830 0 _aAtalaya ;
_v88
_9180261
852 _aES-MaACL
_jL-25825
_bR.131522
999 _c19381
_d19381